| 000 -ლიდერი |
| ფიქსირებული სიგრძის საკონტროლო ველი |
01283nam a2200253Ia 4500 |
| 001 - საკონტროლო ნომერი |
| საკონტროლო ველი |
14049 |
| 003 - საკონტროლო ნომრის იდენტიფიკატორი |
| საკონტროლო ველი |
GE_BSU |
| 005 - ბოლო ოპერაციის თარიღი და დრო |
| საკონტროლო ველი |
20221028164115.0 |
| 008 - ფიქსირებული სიგრძის მონაცემთა ელემენტები - ზოგადი ინფორმაცია |
| ფიქსირებული სიგრძის საკონტროლო ველი |
181216s||||||||xx |||||||||||||| ||und|| |
| 040 ## - კატალოგიზაციის წყარო |
| Transcribing agency |
GE_BSU |
| 041 ## - ენის კოდი |
| Language code of text/sound track or separate title |
geo |
| 080 ## - უნივერსალური ათობითი კლასიფიკაციის ინდექსი |
| Universal Decimal Classification number |
330.1(075.8)+336(075.8) მ-19 |
| 100 ## - მთავარი ჩანაწერი - პიროვნების სახელი |
| Personal name |
მაკკონელი,კემპბელ რ. |
| 9 (RLIN) |
15650 |
| 245 ## - ცნობა სათაურის შესახებ |
| Title |
ეკონომიკსი : |
| Remainder of title |
პრინციპები, პრობლემები და პოლიტიკა. ნაწ. 2 / |
| Statement of responsibility, etc |
კემპბელ რ. მაკკონელი, სტენლი ლ. ბრიუ ; [მთარგმნ.: კ. ღურწკაია და სხვ. ; პ/მგ. რედ.: კ. ღურწკაია, რ. გოგოხია] |
| 264 ## - წარმოების, გამოცემის, დისტრიბუციის და სხვა ცნობები |
| გამოცემის, წარმოების, დისტრიბუციის... ადგილი |
თბილისი, |
| გამოცემის, წარმოების, დისტრიბუციის... თარიღი |
1993 |
| 300 ## - ფიზიკური აღწერა |
| Extent |
518 გვ.; |
| Other physical details |
21სმ. |
| 653 ## - INDEX TERM--UNCONTROLLED |
| Uncontrolled term |
ეკონომიკის თეორია |
| 653 ## - INDEX TERM--UNCONTROLLED |
| Uncontrolled term |
ფინანსები |
| 700 ## - ADDED ENTRY--PERSONAL NAME |
| Personal name |
ბრიუ, სტენლი ლ. |
| Relator term |
ავტორი |
| 9 (RLIN) |
15651 |
| 700 ## - ADDED ENTRY--PERSONAL NAME |
| Personal name |
ღურწკაია, კ. |
| Relator term |
მთარგმნელი, რედაქტორი |
| 9 (RLIN) |
15654 |
| 700 ## - ADDED ENTRY--PERSONAL NAME |
| Personal name |
გოგოხია, რ., |
| Relator term |
რედაქტორი |
| 9 (RLIN) |
15656 |
| 942 ## - ADDED ENTRY ELEMENTS (KOHA) |
| Koha item type |
წიგნი |
| Source of classification or shelving scheme |
|